header

Human development / (Record no. 34)

MARC details
000 -LEADER
fixed length control field 00797cam a2200265 a 4500
001 - CONTROL NUMBER
control field 4208205
003 - CONTROL NUMBER IDENTIFIER
control field OSt
005 - DATE AND TIME OF LATEST TRANSACTION
control field 20150916082605.0
008 - FIXED-LENGTH DATA ELEMENTS--GENERAL INFORMATION
fixed length control field 820428s1982 maua b 001 0 eng
010 ## - LIBRARY OF CONGRESS CONTROL NUMBER
LC control number 81081703
040 ## - CATALOGING SOURCE
Original cataloging agency DLC
Transcribing agency DLC
Modifying agency DLC
050 00 - LIBRARY OF CONGRESS CALL NUMBER
Classification number BF713
Item number .R56
082 00 - DEWEY DECIMAL CLASSIFICATION NUMBER
Classification number 155
Edition number 19
100 1# - MAIN ENTRY--PERSONAL NAME
Personal name Ripple, Richard E.
245 10 - TITLE STATEMENT
Title Human development /
Statement of responsibility, etc Richard E. Ripple, Robert F. Biehler, Gail A. Jaquish.
260 ## - PUBLICATION, DISTRIBUTION, ETC. (IMPRINT)
Place of publication, distribution, etc Boston :
Name of publisher, distributor, etc Houghton Mifflin,
Date of publication, distribution, etc c1982.
300 ## - PHYSICAL DESCRIPTION
Extent xiii, 673 p. :
Other physical details ill. ;
Dimensions 25 cm.
500 ## - GENERAL NOTE
General note Includes index.
504 ## - BIBLIOGRAPHY, ETC. NOTE
Bibliography, etc Bibliography: p. 621-655.
650 #0 - SUBJECT ADDED ENTRY--TOPICAL TERM
Topical term or geographic name as entry element Developmental psychology.
700 1# - ADDED ENTRY--PERSONAL NAME
Personal name Biehler, Robert F.
Fuller form of name (Robert Frederick),
Dates associated with a name 1927-
Personal name Jaquish, Gail A.
906 ## - LOCAL DATA ELEMENT F, LDF (RLIN)
a 7
b cbc
c orignew
d 2
e opcn
f 19
g y-gencatlg
942 ## - ADDED ENTRY ELEMENTS (KOHA)
Source of classification or shelving scheme Library of Congress Classification
Koha item type Long Loan Books
Holdings
Withdrawn status Lost status Source of classification or shelving scheme Damaged status Not for loan Home library Current library Date acquired Total Checkouts Full call number Barcode Date last seen Date checked out Price effective from Koha item type
    Library of Congress Classification     Rongo University Library Rongo University Library 16/09/2015 1 BF713 .R56 20088878 27/11/2018 22/03/2016 16/09/2015 Long Loan Books

© 2026 Rongo University
Contact us: librarian | system librarian | Rongo university